[Event "GER-ch U12 Girls"]
[Site "Willingen"]
[Date "2018.05.25"]
[Round "9"]
[White "Feige, Adelina"]
[Black "Von Rosen, Anna"]
[Result "1-0"]
[WhiteElo "1166"]
[BlackElo "922"]
[PlyCount "69"]
[EventDate "2018.05.19"]
[EventType "swiss"]
[EventRounds "11"]
[EventCountry "GER"]
[SourceTitle "CBM 184 Extra"]
[Source "ChessBase"]
[SourceDate "2018.06.28"]
[SourceVersion "1"]
[SourceVersionDate "2018.06.28"]
[SourceQuality "1"]

1. d4 d5 2. c4 c6 3. Nc3 Nf6 4. Bg5 e6 5. Nf3 h6 6. Bh4 Bd6 7. c5 Be7 8. e3 Nbd7 9. Bd3 b6 10. b4 bxc5 11. bxc5 Rb8 12. 0-0 0-0 13. Rb1 Rxb1 14. Qxb1 Ng4 15. Bxe7 Qxe7 16. h3 Ngf6 17. e4 dxe4 18. Nxe4 Nxe4 19. Bxe4 e5 20. Re1 Nf6 21. Bxc6 Qe6 22. Nxe5 Qf5 23. Qxf5 Bxf5 24. d5 Rd8 25. d6 Kf8 26. Bb5 Bc2 27. d7 a6 28. Bxa6 Nxd7 29. Nxd7+ Rxd7 30. c6 Rc7 31. Bb7 Ba4 32. Rc1 f5 33. Rc4 Bb5 34. Rc5 Bd3 35. a4 1-0